01315nam a2200349Ia 4500001001200000003000800012006001900020007001500039008004100054010001700095020002700112020003000139020002600169040002100195035002100216050002400237082001200261100002200273245009300295260004900388300002200437504005100459533015200510650003200662650001900694650003800713650002500751655002900776710001700805856012600822999001700948ebr10660221CaPaEBRm u cr cn|||||||||080610s2009 nyua sb 001 0 eng d z 2008023431 z1604567120 (hardcover) z9781604567120 (hardcover) z9781607419068 (ebook) aCaPaEBRcCaPaEBR a(OCoLC)43020179214aHF1414b.R34 2009eb04a3372220 aRajagopal,d1957-10aGlobalization thrusth[electronic resource] :bdriving nations competitive /cRajagopal. aNew York :bNova Science Publishers,cc2009. ax, 344 p. :bill. aIncludes bibliographical references and index. aElectronic reproduction.bPalo Alto, Calif. :cebrary,d2013.nAvailable via World Wide Web.nAccess may be limited to ebrary affiliated libraries. 0aCompetition, International. 0aGlobalization. 0aInternational economic relations. 0aInternational trade. 7aElectronic books.2local2 aebrary, Inc.40uhttp://site.ebrary.com/lib/rucke/Doc?id=10660221zAn electronic book accessible through the World Wide Web; click to view c66605d66605